000 00922nam a2200241Ia 4500
003 OSt
005 20220923221238.0
006 a|||||r|||| 00| 0
007 ta
008 220922b |||||||| |||| 00| 0 hin d
024 _a195,931
037 _cTextual
040 _aARTS
_cARTS
_bhin
041 _2hin
_ahin
082 _aP15, 152K2(TTPS)
100 _aआप्टे, वामन शिवराम; शुक्ल, रामकृष्ण, अनु.
_9165229
245 0 _aसंस्कृत निबन्ध पथ प्रदर्शक
246 _aSanskṛut nibandha path pradarshaka
260 _aइलाहाबाद
_b राम नारायण
_c1962
300 _a461पृ.
_ccm.
942 _hP15, 152K2(TTPS)
_cTEXL
_2CC
999 _c348022
_d348022